| 000 | 00446cam a2200169 i 4500 | ||
|---|---|---|---|
| 020 | _a9061935679 | ||
| 040 | _cDLC | ||
| 082 | 0 | 0 | _a581 JUN 1978 A063 Or. |
| 100 | 1 | _aOrlóci, László, | |
| 245 | 1 | 0 | _aMultivariate analysis in vegetation research / |
| 250 | _a2d ed. | ||
| 260 |
_aThe Hague ; _aBoston : _bJunk, _c1978. |
||
| 300 |
_aix, 451 p. : _bill. ; _c24 cm. |
||
| 650 | 0 | _aPlant ecology | |
| 650 | 0 | _aMultivariate analysis. | |
| 942 | _cFB | ||
| 999 |
_c14973 _d14973 |
||